Higher education estates statistics report 2015 (Record no. 115613)

MARC details
000 -LEADER
fixed length control field 01142cam a22002295a 4500
001 - CONTROL NUMBER
control field L158982
008 - FIXED-LENGTH DATA ELEMENTS--GENERAL INFORMATION
fixed length control field 151123s2015 xxk f 000 0 eng d
035 ## - SYSTEM CONTROL NUMBER
System control number (Sirsi) u158982
041 0# - LANGUAGE CODE
Language code of text/sound track or separate title eng
110 2# - MAIN ENTRY--CORPORATE NAME
Corporate name or jurisdiction name as entry element Association of University Directors of Estate
9 (RLIN) 6165
245 00 - TITLE STATEMENT
Title Higher education estates statistics report 2015
Remainder of title November 2015
Medium [electronic resource]
260 ## - PUBLICATION, DISTRIBUTION, ETC.
Place of publication, distribution, etc. London
Name of publisher, distributor, etc. AUDE
Date of publication, distribution, etc. 2015
520 ## - SUMMARY, ETC.
Summary, etc. The 2013-2014 report on the UK higher education estates sector values its property at around £28billion highlighting the continual investment in the sector. Over £2.5 billion was spent on capital expenditure projects including the refurbishment and upgrading of its accommodation including halls of residence. Highlights measures taken to improve sustainability including energy efficnency measures and reduction of emissions.
590 ## - LOCAL NOTE (RLIN)
Local note KA
650 24 - SUBJECT ADDED ENTRY--TOPICAL TERM
Topical term or geographic name entry element HIGHER EDUCATION
650 24 - SUBJECT ADDED ENTRY--TOPICAL TERM
Topical term or geographic name entry element UNIVERSITIES
650 24 - SUBJECT ADDED ENTRY--TOPICAL TERM
Topical term or geographic name entry element PROPERTY
651 #4 - SUBJECT ADDED ENTRY--GEOGRAPHIC NAME
Geographic name United Kingdom
Chronological subdivision
690 ## - LOCAL SUBJECT ADDED ENTRY--TOPICAL TERM (OCLC, RLIN)
Topical term or geographic name as entry element Commercial property
9 (RLIN) 6227
856 40 - ELECTRONIC LOCATION AND ACCESS
Uniform Resource Identifier <a href="https://www.aude.ac.uk/resources/ems/">https://www.aude.ac.uk/resources/ems/</a>
Public note View the item free of charge from the www.aude.ac.uk
942 ## - ADDED ENTRY ELEMENTS (KOHA)
Suppress in OPAC 0
Holdings
Withdrawn status Lost status Source of classification or shelving scheme Damaged status Not for loan Home library Current library Shelving location Date acquired Total Checkouts Full call number Barcode Date last seen Copy number Price effective from Koha item type
    Dewey Decimal Classification     Virtual Virtual Online 23/11/2015   ONLINE PUBLICATION 158982-2001 06/08/2019 1 06/08/2019 Book